MDQL
is popping MORE tags! Check the
thread
!
Quizzes
Events
Quiz Creation
Community
Videos
Private Events
Remove Ads
Sign In
Join for FREE
Feedback
Dark Mode
Quiz Categories
Sports
Geography
Music
Movies
Television
Just For Fun
Miscellaneous
History
Literature
Language
Science
Gaming
Entertainment
Religion
Holiday
For Kids
Quiz Lab
Recent
Popular Today
Quiz Kudos Today
Editor Picks
Curator Picks
Quizzes by...
Day
Popularity
Type
Ratings
Length
Year
Community
Subscriptions
Recent Discussions
Orange Saloon
Badges
Playlists
Quests
Create
Leaderboards
Showdown
Live 5
Trivia Bingo
Activity
Puzzle Library
Sporcle Events
Private Events
Virtual Trivia
Globe League
Become a Host
Pub Owners
SporcleCon
Opinionation
Our Games
Videos
Blog
Mobile Apps
Partnerships
Remove Ads and Go Orange
Feedback
Television
TV Characters
TV Show
Sitcom
Network
Friends
Reality Shows
Cast
South Park
Star Trek
The Simpsons
Doctor Who
Television
TV Characters
TV Show
Sitcom
Network
Friends
Reality Shows
Cast
South Park
Star Trek
The Simpsons
Doctor Who
Random Quiz
Search Sporcle
×
Quiz Lab
Quiz Lab
Television
Actor
Type in answers that appear in a list
Type in answers that appear in a list
Classic
Best Score? Go Orange.
Jericho Characters (CBS) Stats
Can you name the Jericho Characters (CBS)?
By
starlace
8m
40 Questions
283 Plays
283 Plays
283 Plays
Comments
Comments
Give Quiz Kudos
Give Quiz Kudos
-
- Ratings
hide this ad
Replay
Link that replays current quiz
Next Quiz
Link to next quiz in quiz playlist
You Got
0%
They Got
Avg Score
54%
Avg Friend Score
Upgrade to see
Score Distribution
Jump to the score distribution portion of the page
Score
0/40
Timer
08:00
0
Plays Today
Description
Character
% Correct
Prodigal Son/
Sheriff
Jake Green
96.5%
Deputy Mayor/
Prodigal Son's Brother
Eric Green
89.8%
Longtime Mayor/
Prodigal Son's Father
Johnston Green
85.5%
CIA Agent/
Badass
Robert Hawkins
83%
Doctor/
Prodigal Son's Sister-
In-
Law
April Green
79.9%
Farmer/
Prodigal Son's Best Friend
Stanley Richmond
79.2%
Farmer's Sister
Bonnie Richmond
78.8%
IRS Agent/
Farmer's Wife
Mimi Clark
78.8%
Teacher/
Prodigal Son's Ex-
Girlfriend
Emily Sullivan
76.7%
Orphaned Teen/
Rich Girl's Boyfriend
Dale Turner
73.5%
Bar Owner
Mary Bailey
72.1%
Teacher/
Friend/
Kisses Prodigal Son
Heather Lisinski
71%
Newly Elected Mayor
Gray Anderson
67.1%
Supermarket Owner
Gracie Leigh
65%
CIA Agent's Wife
Darcy Hawkins
64.3%
Survivalist/
Father of Prodigal Son's Ex-
Girlfriend
Jonah Prowse
62.2%
Banker/
Fiance of Prodigal Son's Ex-
Girlfriend
Roger Hammond
61.1%
Former Nurse/
Prodigal Son's Mother
Gail Green
60.1%
Rich Girl/
Orphaned Teen's Girlfriend
Skylar Stevens
56.9%
CIA Agent's Partner
Sarah Mason
56.5%
Description
Character
% Correct
Sheriff of New Bern
Phil Constantino
53.7%
CIA Agent's Son
Samuel Hawkins
53%
Deputy
Bill Kohler
51.9%
Deputy
Jimmy Taylor
51.2%
USA and ASA Army Major
Major Beck
51.2%
Former Friend of Prodigal Son/
Works for Survivalist
Mitchell Cafferty
44.2%
CIA Agent's Daughter
Allison Hawkins
42%
Ravenwood Leader/
Bad Guy
John Goetz
42%
Doctor/
Alcoholic
Dr. Kenchy Dhuwalia
38.9%
CIA Agent/
Good Guy
Chavez
37.8%
'Vibe Guy'/
Boyfriend of Farmer's Sister
Sean Henthorn
36.4%
CIA Agent/
Dies of Radiation Poisoning
Victor Miller
33.9%
Fake Marine/
Kisses Prodigal Son
Maggie Mullen
31.4%
Friend from New Bern
Ted Lewis
30.7%
Department of Homeland Security Official/
Uses a Cane
Thomas Valente
30%
Friend from New Bern
Russell
29.7%
ASA President
President Tomarchio
23.3%
Jennings & Rall Employee/
Knows Sign Language
Trish Merrick
22.6%
Rich Girl's Friend
Lisa Whalley
20.8%
Deputy
Ridley Cooper
15.9%
Quiz Playlist
Details
Report
Send in Message
Add To Playlist
Classic:
Type in answers that appear in a list
Quiz Source
Last Updated: Feb 16, 2017
Quiz Scoreboard
CHALLENGE
Sign Up to Join the Scoreboard
Show All
Scores
Hide
Comments
May contain spoilers
Recently Published
Image Sorting: Flags VI
by Barbecue
Geography
2m
Find the 'City' Movie
by crazypaving
Movies
60s
Colored Red Africa Blitz
by spor1
Geography
45s
More to Explore
Quiz From the Vault
Featured Blog Post
14 Easter Pick-up Lines to Find Eggs With
hide this ad
You Might Also Like...
Tags
Actor Quiz
cbs
Character
description
Jericho
Today's Top Quizzes in Television
Browse Television
hide this ad
Today's Top Quizzes in Actor
Browse Actor
Top Contributed Quizzes in Television
1
Survivor Journey Challenge
2
Brooklyn Nine Nine Logic Puzzle (How-To-Play)
3
Adjectives in 00s TV Shows
4
Total Drama Characters
5
Survivor Logic Puzzle: Heroes vs. Villains
6
Phoebe Buffay Quotes
7
Survivor Heroes vs. Villains Logic Puzzle
8
Survivor Trivia
9
Emmerdale Characters (from August 2012)
10
Adjectives in 10s TV Shows
Explore More
Trending Topics
Marvel
Anime
Crossword
Kpop
NBA
Disney
Harry Potter
NFL
Pokémon
WWE
Soccer
Song
The Office
Puzzle
Country
hide this ad
More By:
starlace
Quiz
Plays
Rating
Category
Featured
Created
Jericho Characters (CBS)
283
5.00
Television
Jun 13, 2010
Jericho Episodes (CBS)
85
5.00
Television
Jun 13, 2010
Go to Creator's Profile
Score Distribution
Quiz Creator Spotlight
starlace
Follow
Send a Message
Quizzes Created
-
Created Quiz Play Count
-
More By This Creator
Popular Quizzes Today
1
Colored Red Africa Blitz
2
Find the US States - No Outlines Minefield
3
Find the 'City' Movie
4
5x2 Blitz: Bands
5
The Countries of the World
6
Find the US States
7
Find the Countries of Europe - No Outlines Minefield
8
US States
More Television Quizzes
5-Star TV Villains
Published
Trending Quizzes
Colored Red Europe Blitz I
Colored Red Africa Blitz II
Colored Red Europe Blitz II
Colored Red Africa Blitz III
Colored Red Europe Blitz III
Recently Updated
How Do You Spell That?
pecheneg
Godzilla Movies
pecheneg
Grab Bag: 4-10 Letters
pecheneg
2024 March Madness Bracket
pecheneg
Famous TV Couples
Peacemaker
Champions League XIs: Real Madrid
pecheneg
Largest US Cities 1790-2010
pecheneg
Rides in Walt Disney World
pecheneg
Most Oscar Losses (Acting)
pecheneg
Beyoncé Albums
pecheneg
Trending Topics
Disney
Harry Potter
Kpop
Anime
Crossword
Marvel
NBA
The Office
WWE
Song
Soccer
Puzzle
Pokémon
Country
NFL
Your Account Isn't Verified!
In order to create a playlist on Sporcle, you need to verify the email address you used during registration. Go to your
Sporcle Settings
to finish the process.
Report this User
Report this user for behavior that violates our
Community Guidelines
.
Details:
Send Report
Go to the Sporcle.com Mobile Site →
Comments